Estudios penitenciarios : (Record no. 152420)

MARC details
000 -LEADER
campo de control de longitud fija 01170nam a2200229 i 4500
001 - NÚMERO DE CONTROL
campo de control 152420
003 - IDENTIFICADOR DE NÚMERO DE CONTROL
campo de control ES-MaACL
005 - FECHA Y HORA DE LA ÚLTIMA TRANSACCIÓN
campo de control 20250812063125.0
008 - DATOS DE LONGITUD FIJA--INFORMACIÓN GENERAL
campo de control de longitud fija 931025s1873 sp e |||| | spa d
100 1# - ENTRADA PRINCIPAL--NOMBRE DE PERSONA
Nombre de persona Borrego, Andrés,
Fechas asociadas al nombre 1802-1891
9 (RLIN) 30570
245 10 - MENCIÓN DEL TÍTULO
Título Estudios penitenciarios :
Resto del título visita a los principales establecimientos penales de Europa, ejecutada de orden del Gobierno, seguida de la exposición de un sistema aplicable a la reforma de las cárceles y presidios de España /
Mención de responsabilidad, etc. por Andrés Borrego.
260 ## - PUBLICACIÓN, DISTRIBUCIÓN, ETC.
Lugar de publicación, distribución, etc. Madrid :
Nombre del editor, distribuidor, etc. [s.n.],
Fecha de publicación, distribución, etc. 1873 (
Fabricante Imp. y Fund. de J. Antonio García)
300 ## - DESCRIPCIÓN FÍSICA
Extensión 333 p., [9] h. de planos pleg. ;
Dimensiones 21 cm.
530 ## - NOTA DISPONIBLE DE FORMULARIO FÍSICO ADICIONAL
Nota de formato físico adicional disponible Disponible en formato digital.
650 #4 - PUNTO DE ACCESO ADICIONAL DE MATERIA--TÉRMINO DE MATERIA
Término de materia o nombre geográfico como elemento de entrada Establecimientos penitenciarios-
Subdivisión geográfica Europa.
9 (RLIN) 150594
650 #4 - PUNTO DE ACCESO ADICIONAL DE MATERIA--TÉRMINO DE MATERIA
Término de materia o nombre geográfico como elemento de entrada Establecimientos penitenciarios-
Subdivisión geográfica España.
9 (RLIN) 145832
650 ## - PUNTO DE ACCESO ADICIONAL DE MATERIA--TÉRMINO DE MATERIA
Término de materia o nombre geográfico como elemento de entrada Derecho penitenciario-
Subdivisión geográfica España.
9 (RLIN) 176229
852 4# - LOCALIZACIÓN
Ubicación ES-MaACL
Número de control de estantería D-268
Nota libre - Enc. hol.
-- - Donativo Lastres
852 4# - LOCALIZACIÓN
Ubicación ES-MaACL
Número de control de estantería G-7121
Nota libre - Enc. pasta española
856 4# - LOCALIZACIÓN Y ACCESO ELECTRÓNICOS
Identificador Uniforme de Recursos <a href="https://bvpb.mcu.es/es/consulta/registro.do?id=398256 ">https://bvpb.mcu.es/es/consulta/registro.do?id=398256 </a>
Nota pública Biblioteca Virtual del Patrimonio Bibliográfico
Holdings
Estatus retirado Estado de pérdida Estado de daño No para préstamo Colección Biblioteca de origen Biblioteca actual Ubicación en estantería Fecha de adquisición Fuente de adquisición Total de préstamos Signatura topográfica completa Código de barras Visto por última vez Precio de reemplazo Tipo de ítem Koha
        Colección digital Biblioteca del Ateneo de Madrid Biblioteca del Ateneo de Madrid Depósito 2 17/01/2008     G-7121 1159154 23/02/2023 23/02/2023 Libro impreso antiguo
        Colección digital Biblioteca del Ateneo de Madrid Biblioteca del Ateneo de Madrid Sala Valle Inclán 17/01/2008     D-268 901159153 23/02/2023 23/02/2023 Libro impreso antiguo